000 00443nam a2200181Ia 4500
005 20250317122740.0
008 008 250317s9999 xx 000 0 eng d
037 _aTextbook
040 _aFMSL
_beng
_cFMSL
041 _aeng
_2eng
084 _qFMSL
100 _aBarnes R M
_9735615
245 0 _aWork sampling
260 _aNY
_bNY, John Wiley
_c1966
300 _a283p
942 _cTB
999 _c1248481
_d1248481